[Event "FRA-ch U16"]
[Site "Aix les Bains"]
[Date "2006.??.??"]
[Round "2"]
[White "Kaichinger, Florian"]
[Black "Fougerit, Valentin"]
[Result "0-1"]
[WhiteElo "1980"]
[BlackElo "2191"]
[PlyCount "48"]
[EventDate "2006.04.16"]
[EventType "swiss"]
[EventRounds "9"]
[EventCountry "FRA"]
[SourceTitle "EXT 2007"]
[Source "ChessBase"]
[SourceDate "2006.11.23"]
[SourceVersion "1"]
[SourceVersionDate "2006.11.23"]
[SourceQuality "1"]

1. d4 Nf6 2. c4 e6 3. Nc3 Bb4 4. e3 b6 5. Nf3 Ne4 6. Qc2 Bb7 7. Bd3 f5 8. 0-0 Bxc3 9. bxc3 0-0 10. Nd2 Qh4 11. f3 Ng5 12. Ba3 d6 13. e4 fxe4 14. fxe4 Nd7 15. Nf3 Nxf3+ 16. Rxf3 Rxf3 17. gxf3 e5 18. Qf2 Qxf2+ 19. Kxf2 c5 20. Bf1 Nf6 21. Rd1 Rf8 22. Ke2 Bc8 23. Bc1 Nxe4 24. Bb2 Ng5 0-1